The Formation of Concepts in the Microfinance Discourse
Jedným z najdôležitejších diskurzov vo všeobecnejšom diskurze o rozvoji je diskurz o mikrofinanciách. Je postavená na myšlienke, že človek sa môže pozdvihnúť z chudoby, ak mu požičia peniaze. Zodpovednosť odteraz leží na jeho pleciach. Táto všeobecná myšlienka je veľmi príťažlivá pre neoliberálnu pe...
Salvato in:
| Autore principale: | |
|---|---|
| Natura: | Capitolo di libro |
| Lingua: | inglese |
| Soggetti: | |
| Tags: |
Nessun Tag, puoi essere il primo ad aggiungerne!!
|
MARC
| LEADER | 00000naa$a2200000$$$4500 | ||
|---|---|---|---|
| 001 | 0303158 | ||
| 005 | 20240729090119.9 | ||
| 041 | 0 | |a eng | |
| 044 | |a UA | ||
| 245 | 1 | 0 | |a The Formation of Concepts in the Microfinance Discourse |c Tomáš Imrich Profant |
| 520 | |a Jedným z najdôležitejších diskurzov vo všeobecnejšom diskurze o rozvoji je diskurz o mikrofinanciách. Je postavená na myšlienke, že človek sa môže pozdvihnúť z chudoby, ak mu požičia peniaze. Zodpovednosť odteraz leží na jeho pleciach. Táto všeobecná myšlienka je veľmi príťažlivá pre neoliberálnu perspektívu, ktorá vníma aktérov trhu ako všeobecne zodpovedných za svoj osud. | ||
| 610 | 2 | 0 | |a ekonomika |
| 610 | 2 | 0 | |a pôžičky |
| 610 | 2 | 0 | |a chudoba |
| 610 | 2 | 0 | |a financie |
| 610 | 2 | 0 | |a trh |
| 100 | 1 | |a Profant, Tomáš Imrich, 1983- | |